000 00422cam a2200181 4500
001 D13726
008 090401t1959 xxu||||| |||| 00| 0 eng d
035 _a(Sirsi) u11325
041 _aeng
100 _aRivington, H Gibson
245 _aLaw of property in land
250 _a5th
260 _aLondon
_bLaw Notes Publishing Offices
_c1959
350 _a0
520 _aShelf 134
942 _n0
948 _c04/03/1997
999 _c86854
_d86854